00622nam a2200193Ia 4500003000900000008004100009020001800050040001600068080001900084100002100103245008600124260003800210300001500248490005200263500002600315650004100341650002400382650002200406IN-BaIIA211028s9999 xx 000 0 eng d a0-7167-0333-5 cIIA Library a524.3-852bMIH aMihalas, Dimitri 0aStellar atmospherescDimitri Mihalas  aSanfranciscobW. H. Freemanc1970 axiv, 463p. aA series of books in astronomy and astrophysics aDonated by Mrs. Bappu aAstronomy and astrophysics thesaurus aStellar atmospheres aStellar structure